Statistiques concernant Premières division française

Cliquez ici pour prendre le quiz!

Statistiques générales

  • Ce quiz a été pris 40 fois
  • Le résultat moyen est 3 sur 8

Statistiques - réponses

SportDivisions% Correct
FootballLigue 1 : Uber Eats
100%
RugbyTop 14
92%
BasketballPro A
43%
Hockey sur glaceLigue Magnus
22%
HandballStarligue
19%
Football américainChampionnat Elite
3%
Water-PoloPro A
3%
VolleySpikeLigue
3%

Distribution des résultats

Percentile par nombre de réponses

% des personnes avec chaque résultat

Votre développement - résultats

Vous n’avez pas pris ce quiz